000 005420000a22001810004500
003 MACL
005 20160413121429.0
008 160413b xxu||||| |||| 00| 0 eng d
040 _aMACL
_cMACL
041 _aHindi
082 _a610
100 _aठाकुर डी. के
_952113
245 _aपशुओं के रोग एवं रोकथाम
260 _bपब्लिकेशन्‍स दीक्षा
_c2010
_aजयपुर
350 _a250
650 _aरोग
_951788
942 _cHIN
_k610/THA
_2ddc
999 _c45225
_d45225